|
|
|
|
| LEADER |
00994nam a2200241 a 4500 |
| 001 |
12732141 |
| 008 |
100613r20021991ii ab b 001 0 eng d |
| 010 |
|
|
|a 2002278435
|
| 020 |
|
|
|a 0195660420
|
| 040 |
|
|
|a DLC
|c DLC
|d DLC
|d DB-DhAAL
|
| 082 |
0 |
0 |
|a 720/.954
|2 20
|
| 100 |
1 |
|
|a Koch, Ebba.
|
| 245 |
1 |
0 |
|a Mughal architecture :
|b an outline of its history and development, 1526-1858 /
|c Ebba Koch.
|
| 260 |
|
|
|a New Delhi ;
|a New York :
|b Oxford University Press,
|c 2002.
|
| 300 |
|
|
|a 159 p. :
|b ill. (some col.), map ;
|c 24 cm.
|
| 500 |
|
|
|a Originally published: Munich : Prestel, 1991.
|
| 504 |
|
|
|a Includes bibliographical references (p. 143-[155]) and index.
|
| 541 |
1 |
|
|e 00008491
|
| 650 |
|
0 |
|a Architecture, Mogul.
|
| 650 |
|
0 |
|a Islamic architecture
|z India.
|
| 852 |
4 |
|
|a Ayesha Abed Library
|j General Shelf.
|
| 999 |
|
|
|c 8931
|d 8931
|
| 952 |
|
|
|0 0
|1 0
|2 ddc
|4 0
|6 720_954000000000000_KOC_2002
|7 0
|9 10943
|a BRACUL
|b BRACUL
|c GEN
|d 2010-06-14
|l 4
|m 12
|o 720.954 KOC
|p 3010008491
|r 2018-12-13
|s 2018-11-26
|t 1
|w 2010-06-14
|y BK
|